00289nam a2200109Ia 4500008004100000082001800041100001900059245002500078260003400103630001800137650002400155211109s9999||||xx |||||||||||||| ||und|| a616.89bBUR-A aBurton, Robert 0aAnatomy of Melanchoy bJ.M.Dent & SonsaLondonc1964 xGeneral Stack aMelancholyxEnglish